Spell the Marvel Hero #79 - Statistics

General Stats
  • This quiz has been taken 20 times
  • The average score is 9 of 11
Answer Stats
Picture Answer % Correct
Arachne
100%
Gambit
100%
Emma Frost
92%
Old Man Logan
92%
Agent Venom
85%
Excalibur
85%
Throg
85%
Maria Hill
77%
Night Thrasher
77%
Northstar
62%
Voyager
23%
No matching quizzes found
Score Distribution
Percent of People with Each Score
Percentile by Number Answered
Your Score History
You have not taken this quiz